| 000 | 00648nam a22001937a 4500 | ||
|---|---|---|---|
| 999 |
_c182221 _d182221 |
||
| 005 | 20211109114002.0 | ||
| 010 | _aB-741826 | ||
| 020 |
_a9788180549748 _c435.00 |
||
| 035 | _aB-741826 | ||
| 037 | _bSultan Chand /Gift | ||
| 082 | _a346.07 | ||
| 100 | _aKapoor, N.D. | ||
| 245 |
_aElements of mercantile law : _cby N.D. Kapoor _bincluding company law and industrial law / |
||
| 260 |
_aNew Delhi _bSultan Chand _c2013 |
||
| 270 |
_a23, Daryaganj, _bNew Delhi _e110002 |
||
| 300 |
_avp. _c24cm(pbk) |
||
| 942 |
_adpl _cEN _2ddc _mKAP _h346.07 |
||